Putting it all together : solving the reading assessment puzzle (Record no. 75472)

MARC details
000 -CABECERA
campo de control de longitud fija 00469nam a2200181 a 4500
005 - FECHA Y HORA DE LA ÚLTIMA TRANSACCIÓN
campo de control 20210219153359.0
008 - ELEMENTOS DE LONGITUD FIJA--INFORMACIÓN GENERAL
campo de control de longitud fija 991125n 000 0 u
035 ## - NÚMERO DE CONTROL DEL SISTEMA
Número de control de sistema UPN01000095383
100 1# - ASIENTO PRINCIPAL--NOMBRE PERSONAL
Nombre de persona Farr, Roger
222 ## - TÍTULO CLAVE
Título clave READING TEACHER
245 ## - MENCIÓN DE TÍTULO
Título Putting it all together : solving the reading assessment puzzle
300 ## - DESCRIPCIÓN FÍSICA
Extensión 26-37
362 0# - FECHAS DE PUBLICACIÓN Y/O DESIGNACIÓN SECUENCIAL
Fecha de publicación y/o designación secuencial 1992 Vol. 46, no. 1
653 0# - TERMINO DE INDIZACION - NO CONTROLADO
Término no controlado LECTURA
653 0# - TERMINO DE INDIZACION - NO CONTROLADO
Término no controlado ENTREVISTA
904 ## - ELEMENTOS DE DATOS D LOCAL, LDD (RLIN)
a AC
b 033194
905 ## - TIPO DE MATERIAL
Tipo de material Articulo

No items available.